Statistics for Busiest Airports In Latin America

Click here to take the quiz!

General Stats

  • This quiz has been taken 70 times
  • The average score is 26 of 35

Answer Stats

#Airport% Correct
34.9 milBogotá (El Dorado)
98%
12.2 milBuenos Aires (Jorge Newbery)
98%
12.6 milBuenos Aires (Ministro Pistarini)
98%
24.6 milLima (Jorge Chavez)
98%
25.4 milSantiago
96%
15.5 milRio de Janeiro (Galeão)
95%
9.0 milRio de Janeiro (Santos Dumont)
95%
22.6 milSão Paulo (Congonhas)
95%
50.3 milSão Paulo (Guarulhos)
95%
17.8 milBrasilia
93%
43.2 milMexico City
93%
5.0 milQuito (Mariscal Sucre)
93%
9.2 milMedellín
86%
5.3 milHavana (José Martin)
84%
16.7 milPanama City (Tocumen)
80%
14.8 milGuadalajara
79%
8.7 milRecife
79%
9.7 milSanto Domingo (Las Americas)
79%
3.5 milBelém (Val-de-Cans)
77%
5.5 milCali (Afonso Bonilla Aragón)
77%
8.2 milPorto Alegre (Salgado FIlho)
77%
7.7 milSalvador
77%
11.7 milBelo Horizonte (Tancredo Neves)
75%
25.2 milCancún
75%
4.7 milGuayaquil
73%
7.2 milFortaleza (Pinto Martins)
66%
11.1 milMonterrey
66%
8.9 milTijuana
59%
6.5 milCuritiba (Afonso Pena)
55%
5.6 milCartagena (Rafael Nuñez)
45%
7.5 milPunta Cana
45%
10.5 milCampinas (Viracopos)
32%
3.8 milCusco (Alejandro Velasco Astete)
30%
4.4 milMontego Bay (Sangster)
21%
3.9 milFlorianopolis (Hercílio Luiz)
20%

Score Distribution

Percentile by Number Answered

Percent of People with Each Score

Your Score History

You have not taken this quiz